LIBRARY & INFORMATION CENTRE, KCAET, TAVANUR

ONLINE PUBLIC ACCESS CATALOGUE (OPAC)

Development and testing of a black pepper decorticator (Record no. 15057)

MARC details
000 -LEADER
fixed length control field 00626nam a22001697a 4500
003 - CONTROL NUMBER IDENTIFIER
control field OSt
088 ## - REPORT NUMBER
Report number P 99
100 ## - MAIN ENTRY--AUTHOR NAME
Personal name GINU FRANCIS
-- KARTHIAYANI A
-- SREEJITH P. N
245 ## - TITLE STATEMENT
Title Development and testing of a black pepper decorticator
260 ## - PUBLICATION, DISTRIBUTION, ETC. (IMPRINT)
Place of publication Tavanur 2000
Name of publisher Kelappaji College of Agricultural Engineering and Technology
300 ## - PHYSICAL DESCRIPTION
Number of Pages 39
500 ## - GENERAL NOTE
General note Development and testing of a black pepper decorticator
520 ## - SUMMARY, ETC.
Summary, etc the major parts were a cylinder with a rough inside surface, rotating shaft with vane arrangement
700 ## - ADDED ENTRY--PERSONAL NAME
Personal name Dr. Santhi Mary Mathew (Guide)
942 ## - ADDED ENTRY ELEMENTS (KOHA)
Koha item type Project Report
Holdings
Collection code Home library Current library Shelving location Full call number Accession Number Koha item type
Reference KAUAET KAUAET Reference 631.56 GIN/DE P 99 Project Report
free website counter